00340pab a2200133 454500008004000000100001600040245005400056260000900110300001600119362001100135650001700146650000900163773003400172180718b2006 xxu||||| |||| 00| 0 eng d aGupta, Alok aSection 377 and the dignity of Indian homosexuals c2006 ap.4815-823. a18 Nov aGays - India aGays aEconomic and Political Weekly